Panský dům. Shledání /
Šesté pokračování ságy o německé průmyslnické rodině zastihuje protagonisty v předvečer 2. světové války.
Uloženo v:
| Série: | Panský dům,
část 6 |
|---|---|
| Hlavní autor: | |
| Další autoři: | |
| Médium: | E-kniha |
| Jazyk: | Czech |
| Vydáno: |
Praha :
Ikar,
2023
|
| Vydání: | Vydání první |
| Témata: | |
| On-line přístup: | Plný text - pro registrované uživatele NK ČR |
| Příbuzné jednotky: | Z cyklu::
Panský dům |
| Tagy: |
Žádné tagy |
| LEADER | 02686nam a2200445 i 4500 | ||
|---|---|---|---|
| 001 | 312033 | ||
| 003 | CZ PrSKC | ||
| 005 | 20260601215715.0 | ||
| 007 | ta | ||
| 008 | 230908s2023 xr g 000 f cze | ||
| 015 | |a cnb003519320 | ||
| 020 | |a 9788024951423 |q (vázáno) | ||
| 035 | |a (OCoLC)1408816392 | ||
| 040 | |a ABG001 |b cze |d ABA001 |e rda | ||
| 041 | 1 | |a cze |h ger | |
| 072 | 7 | |a 821.112.2-3 |x Německá próza, německy psaná |2 Konspekt | |
| 080 | |a 821.112.2-31 |2 MRF | ||
| 080 | |a (0:82-31) |2 MRF | ||
| 100 | 1 | |a Jacobs, Anne, |d 1950- |7 xx0217622 |4 aut | |
| 240 | 1 | 0 | |a Wiedersehen in der Tuchvilla. |l Česky |
| 245 | 1 | 0 | |a Panský dům. |p Shledání / |c Anne Jacobsová ; z německého originálu Wiedersehen in der Tuchvilla ... přeložil Vítězslav Čížek |
| 246 | 3 | 0 | |a Shledání |
| 250 | |a Vydání první | ||
| 264 | 1 | |a Praha : |b Ikar, |c 2023 | |
| 300 | |a 423 stran ; |c 24 cm | ||
| 336 | |a text |b txt |2 rdacontent | ||
| 337 | |a bez média |b n |2 rdamedia | ||
| 338 | |a svazek |b nc |2 rdacarrier | ||
| 520 | 2 | |a Šesté pokračování ságy o německé průmyslnické rodině zastihuje protagonisty v předvečer 2. světové války. |b Augsburg 1939. Rodinu Melzerových a jejich zaměstnance čekají těžké časy. Druhá světová války vypukne co nevidět a je jasné, že se tím změní život všech obyvatel panského domu. Textilní továrna stojí těsně před krachem a Paul musí opět činit nepříjemná rozhodnutí. Navíc bez své ženy Marie. Ta již od roku 1935 žije s jejich synem Leem v New Yorku a léta její nepřítomnosti zanechala stopy, i když Mariina láska k Paulovi je nezlomná. Proto ji tvrdě zasáhne, když se dozví, že do Paulova života vstoupila jiná žena. Podaří se Marii získat milovaného manžela nazpět? Nakladatelská anotace. | |
| 655 | 7 | |a německé romány |7 fd132945 |2 czenas | |
| 655 | 9 | |a German fiction |2 eczenas | |
| 700 | 1 | |a Čížek, Vítězslav, |d 1952- |7 jn19981002699 |4 trl | |
| 787 | 0 | 8 | |i Z cyklu: |t Panský dům |g 6 |
| 856 | 4 | 1 | |u https://www.bookport.cz/AccountSaml/SignIn/?idp=https%3A%2F%2Fshibboleth.nkp.cz%2Fidp%2Fshibboleth&returnUrl=/kniha/pansky-dum-6-shledani-14403/ |y Plný text - pro registrované uživatele NK ČR |4 N |
| 900 | |a ABA001 |b 21 | ||
| 928 | 9 | |a Euromedia Group - Ikar | |
| 044 | |a xr | ||
| 910 | |a RBIT002 | ||
| 998 | |d 382156 |a https://core.palmknihy.cz/api/books/382156/cover?rzal0w |b https://core.palmknihy.cz/api/books/382156/cover/400?rzal0w |c https://core.palmknihy.cz/api/books/382156/cover/50?rzal0w |e 2027-09-16 |g 424 |i 9788024951423 |j https://core.palmknihy.cz/api/books/382156/preview.epub |l |q 49 |r 1 |s https://www.palmknihy.cz/kniha/382156 |t ebook |y 2023 |z 0 |v Panský dům |w 6 | ||
| 999 | |d 312031 | ||